501 practical ways to love your husband & kids / (Record no. 4418)

MARC details
000 -LEADER
fixed length control field 01211pam a2200325 a 4500
001 - CONTROL NUMBER
control field 3508444
003 - CONTROL NUMBER IDENTIFIER
control field GBCCL
005 - DATE AND TIME OF LATEST TRANSACTION
control field 20241126110518.0
008 - FIXED-LENGTH DATA ELEMENTS--GENERAL INFORMATION
fixed length control field 951222s1996 mou 000 0 eng
010 ## -
-- 95053686
020 ## - INTERNATIONAL STANDARD BOOK NUMBER
International Standard Book Number 057004846X
040 ## - CATALOGING SOURCE
Original cataloging agency DLC
Transcribing agency DLC
Modifying agency DLC
050 00 -
-- HQ518
-- .B36 1996
082 00 - DEWEY DECIMAL CLASSIFICATION NUMBER
Classification number 248.8435
-- 646.78
Edition information 20
Item number BAK
100 1# - MAIN ENTRY--PERSONAL NAME
Personal name Baker, Jennifer L.
9 (RLIN) 8281
245 10 - TITLE STATEMENT
Title 501 practical ways to love your husband & kids /
Statement of responsibility, etc. by Jennifer Baker.
246 3# -
-- Five hundred one practical ways to love your husband and kids
246 3# -
-- Five hundred and one practical ways to love your husband and kids
260 ## - PUBLICATION, DISTRIBUTION, ETC.
Place of publication, distribution, etc. St. Louis :
Name of publisher, distributor, etc. CPH,
Date of publication, distribution, etc. c1996.
300 ## - PHYSICAL DESCRIPTION
Extent 208 p. ;
Dimensions 21 cm.
650 #0 - SUBJECT ADDED ENTRY--TOPICAL TERM
Topical term or geographic name entry element Families
Form subdivision Miscellanea.
9 (RLIN) 8282
650 #0 - SUBJECT ADDED ENTRY--TOPICAL TERM
Topical term or geographic name entry element Families
General subdivision Religious life.
9 (RLIN) 1360
650 #0 - SUBJECT ADDED ENTRY--TOPICAL TERM
Topical term or geographic name entry element Marriage
Form subdivision Miscellanea.
9 (RLIN) 8283
650 #0 - SUBJECT ADDED ENTRY--TOPICAL TERM
Topical term or geographic name entry element Marriage
General subdivision Religious aspects
-- Christianity.
9 (RLIN) 295
650 #0 - SUBJECT ADDED ENTRY--TOPICAL TERM
Topical term or geographic name entry element Mother and child
Form subdivision Miscellanea.
9 (RLIN) 8284
650 #0 - SUBJECT ADDED ENTRY--TOPICAL TERM
Topical term or geographic name entry element Parent and child
General subdivision Religious aspects
-- Christianity.
9 (RLIN) 8285
906 ## - LOCAL DATA ELEMENT F, LDF (RLIN)
a 7
b cbc
c orignew
d 1
e ocip
f 19
g y-gencatlg
942 ## - ADDED ENTRY ELEMENTS (KOHA)
Source of classification or shelving scheme Dewey Decimal Classification
Koha item type Books
Holdings
Withdrawn status Lost status Source of classification or shelving scheme Damaged status Not for loan Home library Current Library Shelving location Date acquired Total checkouts Full call number Barcode Date last seen Date last checked out Copy number Price effective from Koha item type
    Dewey Decimal Classification     GRACE BIBLE COLLEGE GRACE BIBLE COLLEGE Ministry & Mission 2018-01-22 1 248.8435 BAK 008930 2025-05-01 2025-01-08 c.1 2018-01-22 Books
© Grace Bible College Library 2025